El juego del fin del siglo [juego] /

Guardado en:
Formato: Objeto Físico
Publicado: Argentina : Habano, [199?]
Materias:
Etiquetas: Agregar Etiqueta
Sin Etiquetas, Sea el primero en etiquetar este registro!
LEADER 00631nrm a22001455g 4500
001 CEM.cems019427
008 130507b199?##################0###0#####d
005 20220830181334.0
245 0 0 |a El juego del fin del siglo [juego] /  |c Habano 
260 |a Argentina :  |b Habano,  |c [199?] 
300 |a 1 juego (1 tablero matic, 8 peones, 1 libro de preguntas y respuestas) ; en caja 30 x 44 x 5 cm. + instrucciones. 
500 |a Para 2 a 8 jugadores a partir de 13 años objetivo: responder las preguntas y llegar a la meta. 
082 0 4 |a J793.73 
653 |a 1. juegos de preguntas y respuestas 
859 |a CEMS  |b BIB. CEMS - Ludoteca  |h J793.73  |i H113  |p 189.99  |t Ej.1